000 01483nam a2200373 a 4500
001 BRCA_8451
005 20190320210304.0
008 131115s1992----it-a######---#000-0#ita-#
020 _a8817123528
041 _aita
044 _ait
084 _aPQ6323
_b.C47 1992
100 1 _aCervantes Saavedra, Miguel de
_d1547-1616
_9213
245 1 0 _aDon Chisciotte della Mancia
_cMiguel de Cervantes Saavedra ; con le illustrazioni di Gustave Doré ; introduzione di Jorge Luis Borges ; premessa al testo di Roberto Paoli ; traduzione e note di Alfredo Giannini.
250 _a4
260 _aMilán
_bBiblioteca Universale Rizzoli
_c1992
300 _a2 v.
_bil.
_c18 cm.
440 0 _aI classici della BUR
_921166
500 _aTraducción de : El ingenioso hidalgo Don Quijote de la Mancha
500 _aEstado físico : v.1. primeras hojas sueltas
500 _aLibros donados por el C.P. Eduardo Creel, 15-IV-1993
546 _aTexto en : italiano
650 1 4 _aNovela española
_yÉpoca clásica, 1500-1700
_9215
650 1 4 _aLiteratura española
_yÉpoca clásica, 1500-1700
_9216
650 1 4 _aNovela española
_ySiglo XVII
_9217
650 1 4 _aDon Quijote (Personaje ficticio)
_eNovela
_9218
700 1 _aDoré, Gustavo
_eIlustrador
_921167
700 1 _aBorges, Jorge Luis
_921168
700 1 _aPaoli, Roberto
_921169
700 1 _aGiannini, Alfredo
_eTraductor
_921170
740 0 _aEl Ingenioso Hidalgo Don Quijote de la Mancha
902 _aQAG
942 _2lcc
_cB
999 _c8118
_d8118